Statistics for Most Populous Queens Neighborhoods

Click here to take the quiz!

General Stats

  • This quiz has been taken 11 times
    (7 since last reset)
  • The average score is 8 of 15

Answer Stats

PopulationNeighborhood% Correct
168.21kAstoria
83%
109.69kCorona
83%
103.06kElmhurst
83%
81.52kFlushing
83%
67.07kJackson Heights
83%
120.55kJamaica
83%
69.45kForest Hills
67%
54.35kOzone Park
50%
66.46kRidgewood
50%
64.40kEast Elmhurst
33%
67.07kFar Rockaway
33%
54.78kRichmond Hill
33%
76.00kMurray Hill
17%
52.98kQueens Village
17%
73.78kSouth Ozone Park
17%

Score Distribution

Percentile by Number Answered

Percent of People with Each Score

Your Score History

You have not taken this quiz since the last reset